1524 1038 1492 1260 1342 1665 1439 1425 1266 1947 1244 1230 1490 1972 1874 1769 1516 1994 1997 1754 1299 1965 1063 1906 1784 1105 1227 1770 1110 1382 1624 1382 1958 1148 1629 1294 1320 1667 1648 1713 1425 1459 1153 1369 1970 1247 1902 1735 1004 1815 1786 1560 1367 1489 1800 1446 1018 1879 1133 1435 1999 1697 1311 1760 1314 1948 1684 1204 1735 1065 1895 1761 1415 1084 1887 1651 1201 1786 1779 1828 1120 1192 1284 1854 1090 1554 1430 1898 1954 1394 1501 1725 1392 1215 1055 1264 1820 1979 1854 BCNSPRNW ULIB Ver.6.0+V

เปลี่ยนเป็นภาษาไทย

Change to English
 แสดงรายละเอียดบรรณานุกรม
  กลับหน้าหลัก

Brief Record : Get Marc (ISO 2709) : E-mail record : QR code < ปิดหน้าต่าง
LEADER : 00000nam 2200000uu 4500
001    13399125864
003     ULIB
008    020711s2017 th a 000 0 eng d
020    ^a9780702071713
060    ^aWQ300^bR-M
100    ^aRaynor, Maureen.
245    ^aMyles Survival Guide to Midwifery/^bRaynor, Maureen.
250    ^a3rd ed
260    ^aPhiladelphia :^bElsevier,^c2017
300    ^a608 pages;^c22 cm
650    ^aMidwifery
650  0 ^aLabor
945    ^p952^l0^i003252
999    ^aประนอม เกษจรัล
รายการนี้ยังไม่มีแท็ก
คุณยังไม่ได้ล็อกอิน คุณสามารถมีกิจกรรมร่วมกับเว็บไซต์ได้ แต่ต้องล็อกอินก่อน ::
  ล็อกอิน

รายการสื่อสารสนเทศ

ลำดับที่ ประเภท เลขเรียก/บาร์โค้ด สถานที่ สถานะ
1. หนังสือสำรอง
หนังสือสำรอง
WQ300 R-M ฉ.1 
  Barcode: 003252
ห้องสมุดวิทยาเขตสวรรค์ประชารักษ์
►หนังสือทั่วไป
บนชั้น

รายการใกล้เคียง
    หัวเรื่อง [Midwifery]
    หัวเรื่อง [Labor]

BibComment


ยังไม่เคยถูกคอมเมนท์

คอมเมนท์ทรัพยากรรายการนี้
  คอมเมนท์: Myles Survival G..


 Copyright 2026. Bcnsprnw @Library